Normal view
MARC view
- Stromberg, Holly K.,
Entry Personal Name
001 - CONTROL NUMBER
- control field: 6385
003 - CONTROL NUMBER IDENTIFIER
- control field: URS
005 - DATE AND TIME OF LATEST TRANSACTION
- control field: 20250820144817.0
008 - FIXED-LENGTH DATA ELEMENTS
- fixed length control field: 250820|| aca||aabn | a|a d
040 ## - CATALOGING SOURCE
- Original cataloging agency: URS
100 ## - HEADING--PERSONAL NAME
- Personal name: Stromberg, Holly K.,
- Relator term: author.